Konfrontácie

Bibliographic Details
Main Author: Kochol, Viktor, 1919-1984 (Author)
Format: Book
Language:Slovak
Published: Bratislava Smena 1974
Edition:1. vyd.
Subjects:

MARC

LEADER 00000cam a2200000 a 4500
001 vtls008355984
003 SK-MaSNL
005 20260302090012.0
008 210928s1974 xo 000 slo
015 |a SKSNBA1974/12-03313 
035 |a SK01SNK19740048201 
035 |a SKM000050664 
040 |a SNK  |b slo  |c SNK  |e AACR2 
041 0 |a slo 
044 |a xo  |c SK 
080 |a 82.0:885.4"1960/1973"  |2 1981 
080 |a 885.4.01/.09"1960/1973"(045)  |2 1981 
100 1 |a Kochol, Viktor,  |d 1919-1984  |4 aut  |9 105179 
245 1 0 |a Konfrontácie  |c Viktor Kochol 
250 |a 1. vyd. 
260 |a Bratislava  |b Smena  |c 1974  |e Bratislava  |f Pravda 
300 |a 204, [3] s.  |c 8° 
500 |a Bibl. pozn. Odkazy na lit. 
563 |a 1200 výtl. 
650 0 7 |a literatúra slovenská  |x teória  |x kritika  |y 1960-1973  |x články  |2 SNK  |9 756867 
650 0 7 |a veda literárna slovenská  |y 1960-1973  |x články  |2 SNK  |9 756868 
655 7 |a umelecká literatúra  |2 SNKPH  |9 60405 
852 |a Slovenská národná knižnica v Martine  |b 10000  |h SC 35213 
852 |a Slovenská národná knižnica v Martine  |b 10000  |h SC 35213 D1 
919 |a viaz. 
958 |a TL 
958 |a RK 
958 |a NB 
958 |a LX 
958 |a OND 
999 |c 1194792  |d 1196722 
952 |a SNK  |b SNK  |y VYP  |7 0  |p 17A1152568  |o snkSC 35213 D1  |i snkKSP 161/75  |0 0  |1 0  |4 0  |d 2017-10-28  |l 0  |r 2026-02-24 22:23:19  |w 2026-02-24